000 00385nam a2200169Ia 4500
003 0STCL
008 150530s9999 xx 000 0 und d
040 _aSTCL
_cSTCL
100 _aJohn, M.V.; Krishnaswami, N.S.
245 _aNew text book of chemistry
250 _aFirst
260 _c1951
546 _aEnglish
942 _2ddc
_cBK
999 _c32974
_d32974
005 20220125170303.0